000 00856nam a2200241Ia 4500
005 20260121111817.0
008 1012 260114s9999 xx 000 0 eng d
020 _a9789814335799
037 _aEBOOK
040 _aCRL
_beng
_cCRL
041 _aeng
_2eng
084 _qCRL
100 _aSteeb Willi-Hans
_9947647
245 0 _aNonlinear Workbook, the: Chaos, Fractals, Cellular Automata, Genetic Algorithms, Gene Expression Programming, Support Vector Machine, Wavelets, Hidden Markov Models, Fuzzy Logic with C++, Java and Symbolicc++ Programs 5Th Edition
260 _bWorld Scientific
260 _bWSPC
260 _c2011
650 _aNonlinear Science, Chaos & Dynamical Systems
_9947648
856 _uhttps://www.worldscientific.com/worldscibooks/10.1142/8050#t=toc
942 _cEBOOK
999 _c1538312
_d1538312